000 00445nam a22001577a 4500
005 20150319125257.0
020 _a8121924030
_c300.00
035 _aB-285063
035 _aB-589616-641
037 _aDPL
_bENG
100 _aRao, C.N. Shankar
245 _aSociology of Indian society /
_cby C.N. Shankar Rao
260 _aNew Delhi
_bS. Chand and Company
_c2004
300 _axiv, 689p.
_c24 cms.
942 _2ddc
_cEN
_h301
_mRAO
999 _c64870
_d64870